<?xml version="1.0" encoding="UTF-8"?>
<collection xmlns="http://www.loc.gov/MARC21/slim">
<record>
  <controlfield tag="001">170737</controlfield>
  <controlfield tag="005">20260429150230.0</controlfield>
  <datafield tag="037" ind1=" " ind2=" ">
    <subfield code="a">TAZ-TFG-2025-4827</subfield>
  </datafield>
  <datafield tag="041" ind1=" " ind2=" ">
    <subfield code="a">spa</subfield>
  </datafield>
  <datafield tag="100" ind1="1" ind2=" ">
    <subfield code="a">Luz Camardiel, Laura</subfield>
  </datafield>
  <datafield tag="242" ind1="0" ind2="0">
    <subfield code="a">Study of the winning proposals from the "Regeneration of Residential Buildings with innovative Sustainable Systems" competition based on modular architectural design</subfield>
  </datafield>
  <datafield tag="245" ind1="0" ind2="0">
    <subfield code="a">Estudio de las propuestas ganadoras del concurso "Regeneración de edificios de viviendas con sistemas innovadores" basadas en el diseño modular arquitectónico</subfield>
  </datafield>
  <datafield tag="260" ind1=" " ind2=" ">
    <subfield code="a">Zaragoza</subfield>
    <subfield code="b">Universidad de Zaragoza</subfield>
    <subfield code="c">2025</subfield>
  </datafield>
  <datafield tag="506" ind1=" " ind2=" ">
    <subfield code="a">by-nc-sa</subfield>
    <subfield code="b">Creative Commons</subfield>
    <subfield code="c">3.0</subfield>
    <subfield code="u">http://creativecommons.org/licenses/by-nc-sa/3.0/</subfield>
  </datafield>
  <datafield tag="520" ind1=" " ind2=" ">
    <subfield code="a">La arquitectura modular se ha consolidado como una de las líneas de investigación más relevantes en la actualidad, aunque su marco conceptual continúa siendo ambiguo. Términos como «módulo», «modularidad» o «modularización» se emplean de forma diversa según disciplinas y contextos, y no existe todavía una definición consensuada del módulo como unidad volumétrica funcional. Esta falta de claridad hace necesario revisar el concepto y comprender cómo estas unidades pueden actuar no solo como piezas constructivas repetitivas, sino también como elementos capaces de modificar el comportamiento ambiental y espacial de los edificios existentes. Desde esta base, el trabajo analiza el diseño modular como estrategia de acondicionamiento ambiental a través de cuatro casos concretos. En primer lugar, se toma como referente el proyecto “Transformación de 530 viviendas” (Grand Parc) de Lacaton &amp; Vassal para fijar una metodología de análisis basada en la identificación del módulo, su jerarquía constructiva y su capacidad de acondicionamiento ambiental. A partir de esta referencia, se examinan las tres propuestas ganadoras del concurso BIT Habitat “Regeneración de edificios de viviendas con sistemas innovadores sostenibles”, aplicando el mismo marco comparativo para estudiar cómo cada una formula su propio módulo, cómo lo integra en la rehabilitación del edificio existente y qué estrategias de prefabricación y desmontabilidad incorpora.&lt;br /></subfield>
  </datafield>
  <datafield tag="521" ind1=" " ind2=" ">
    <subfield code="a">Graduado en Estudios en Arquitectura</subfield>
  </datafield>
  <datafield tag="540" ind1=" " ind2=" ">
    <subfield code="a">Derechos regulados por licencia Creative Commons</subfield>
  </datafield>
  <datafield tag="856" ind1="0" ind2=" ">
    <subfield code="f">815886@unizar.es</subfield>
  </datafield>
  <datafield tag="856" ind1="4" ind2=" ">
    <subfield code="s">34652568</subfield>
    <subfield code="u">http://zaguan.unizar.es/record/170737/files/TAZ-TFG-2025-4827.pdf</subfield>
    <subfield code="y">Memoria (spa)</subfield>
  </datafield>
  <datafield tag="856" ind1="4" ind2=" ">
    <subfield code="s">34652568</subfield>
    <subfield code="u">http://zaguan.unizar.es/record/170737/files/TAZ-TFG-2025-4827_ANE.pdf</subfield>
    <subfield code="y">Anexos (spa)</subfield>
  </datafield>
  <datafield tag="909" ind1="C" ind2="O">
    <subfield code="o">oai:zaguan.unizar.es:170737</subfield>
    <subfield code="p">driver</subfield>
    <subfield code="p">trabajos-fin-grado</subfield>
  </datafield>
  <datafield tag="950" ind1=" " ind2=" ">
    <subfield code="a"></subfield>
  </datafield>
  <datafield tag="691" ind1=" " ind2=" ">
    <subfield code="a">9 11</subfield>
  </datafield>
  <datafield tag="692" ind1=" " ind2=" ">
    <subfield code="a">El trabajo demuestra cómo el diseño modular puede reducir el impacto ambiental en la rehabilitación mediante sistemas prefabricados.</subfield>
  </datafield>
  <datafield tag="700" ind1=" " ind2=" ">
    <subfield code="a">Espinosa Fernández, Almudena</subfield>
    <subfield code="e">dir.</subfield>
  </datafield>
  <datafield tag="710" ind1="2" ind2=" ">
    <subfield code="a">Universidad de Zaragoza</subfield>
    <subfield code="b">Unidad Predepartamental de Arquitectura</subfield>
    <subfield code="c">Construcciones Arquitectónicas</subfield>
  </datafield>
  <datafield tag="980" ind1=" " ind2=" ">
    <subfield code="a">TAZ</subfield>
    <subfield code="b">TFG</subfield>
    <subfield code="c">EINA</subfield>
  </datafield>
  <datafield tag="999" ind1=" " ind2=" ">
    <subfield code="a">20251202101000.CREATION_DATE</subfield>
  </datafield>
  <datafield tag="951" ind1=" " ind2=" ">
    <subfield code="a">deposita:2026-04-29</subfield>
  </datafield>
</record>
</collection>